• 首页
  • 本馆介绍
  • 公告通知
  • 最新文献
  • 馆藏检索
  • 电子资源
  • 读者荐购
  • 参考咨询
  • CALIS
  • 我的图书馆
  • 登录
  • 详细信息显示
  • 放入我的书架
  • 预约/预借图书
  • 作者相关作品
  • 分类相关作品
  • 丛书相关作品
  • 出版社相关作品

书目信息

  • 表格格式
  • 工作单格式
  • 卡片格式
题名:
中国资产价格泡沫的形成机理与传染效应研究
    
 
作者: 林思涵 著
分册:  
出版信息: 北京   首都经济贸易大学出版社  2024.02
页数: 148页
开本: 24cm
丛书名: 数字经济与高质量发展丛书
单 册:
中图分类: F832.5
科图分类:
主题词: 资本市场--经济波动--研究--中国
电子资源:
ISBN: 978-7-5638-3627-7
 
 
 
 
 
000 01198oam2 2200265 450
001 012450631
005 20251022183738.18
010    @a978-7-5638-3627-7@dCNY42.00
100    @a20240313d2024 em y0chiy0120 ea
101 0  @achi
102    @aCN@b110000
105    @aa z 000yy
106    @ar
200 1  @a中国资产价格泡沫的形成机理与传染效应研究@9zhong guo zi chan jia ge pao mo de xing cheng ji li yu chuan ran xiao ying yan jiu@f林思涵著
210    @a北京@c首都经济贸易大学出版社@d2024.02
215    @a148页@c图@d24cm
225 1  @a数字经济与高质量发展丛书
300    @a北京市属高校分类发展项目“‘两区’建设助力扩大开放,实现首都高质量发展”的资助成果
330    @a本书立足于我国资产市场现状,以资产价格泡沫作为研究对象,采用理论分析与实证分析相结合的研究范式,基于“识别、测度→形成机理→影响效应→政策治理”这一研究脉络展开系统研究,这不仅对理解资产价格泡沫的运行机制具有重要理论意义,也对我国守住不发生系统性风险的政策实践具有重要现实意义。
461  0 @12001 @a数字经济与高质量发展丛书
606 0  @a资本市场@x经济波动@x研究@y中国
690    @aF832.5@v5
701  0 @a林思涵@9lin si han@f(1992-)@4著
801  0 @aCN@c20250911
905    @a河南城建学院图书馆@dF832.5@eL512@ZL512@f1
    
    中国资产价格泡沫的形成机理与传染效应研究/林思涵著.-北京:首都经济贸易大学出版社,2024.02
    148页:图;24cm.-(数字经济与高质量发展丛书)
    北京市属高校分类发展项目“‘两区’建设助力扩大开放,实现首都高质量发展”的资助成果
    
    ISBN 978-7-5638-3627-7:CNY42.00
    本书立足于我国资产市场现状,以资产价格泡沫作为研究对象,采用理论分析与实证分析相结合的研究范式,基于“识别、测度→形成机理→影响效应→政策治理”这一研究脉络展开系统研究,这不仅对理解资产价格泡沫的运行机制具有重要理论意义,也对我国守住不发生系统性风险的政策实践具有重要现实意义。
●
相关链接 在E读中查询图书 在当当中查询图书 在豆瓣中查询图书


正题名:中国资产价格泡沫的形成机理与传染效应研究     索取号:F832.5/L512         预约/预借

序号 登录号 条形码 馆藏地/架位号 状态 备注
1 1635360   216353602   社科库409/409社科库 54排3列5层/ [索取号:F832.5/L512] 在馆    
河南城建学院图书馆 欢迎您!
大连网信软件有限公司© 版权所有